000
00327 a2200157 4500
001
59285
020
_a
9726624185
040
_c
Anchieta - Pituba
100
_a
Wollard, Kathy
240
1
0
_a
Sabes porquê?
_l
por
245
1
0
_a
Sabes porquê?
300
_a
320
362
0
_a
1995
650
4
_a
Literatura juvenil
942
_c
BK
999
_c
59285
_d
59285